<?xml version='1.0' encoding='UTF-8'?>
  <record xmlns="http://www.loc.gov/MARC21/slim">
    <leader>00000cam a2200000 i 4500</leader>
    <controlfield tag="001">ocm07081287</controlfield>
    <controlfield tag="003">OCoLC</controlfield>
    <controlfield tag="005">20240210061653.1</controlfield>
    <controlfield tag="008">810123s1912    ie            001 0 gle d</controlfield>
    <datafield tag="040" ind1=" " ind2=" ">
      <subfield code="a">MNT</subfield>
      <subfield code="b">eng</subfield>
      <subfield code="c">MNT</subfield>
      <subfield code="d">OCLCQ</subfield>
      <subfield code="d">OCLCO</subfield>
      <subfield code="d">OCLCF</subfield>
      <subfield code="d">OCLCO</subfield>
      <subfield code="d">EUM</subfield>
      <subfield code="d">QGJ</subfield>
      <subfield code="d">OCLCO</subfield>
      <subfield code="d">OCLCL</subfield>
      <subfield code="d">OCLCQ</subfield>
      <subfield code="d">OCLCL</subfield>
    </datafield>
    <datafield tag="019" ind1=" " ind2=" ">
      <subfield code="a">1056026220</subfield>
    </datafield>
    <datafield tag="024" ind1="0" ind2="0">
      <subfield code="a">ocm07081287</subfield>
    </datafield>
    <datafield tag="035" ind1=" " ind2=" ">
      <subfield code="a">(OCoLC)7081287</subfield>
      <subfield code="z">(OCoLC)1056026220</subfield>
    </datafield>
    <datafield tag="050" ind1=" " ind2="4">
      <subfield code="a">PB1397.E194</subfield>
      <subfield code="b">E3</subfield>
    </datafield>
    <datafield tag="130" ind1="0" ind2=" ">
      <subfield code="a">Eachtra Mhacaoimh-an-Iolair.</subfield>
    </datafield>
    <datafield tag="245" ind1="1" ind2="0">
      <subfield code="a">Eaċtra Ṁacaoiṁ an Iolair : Ṁic Ríoġ na Sorċa :</subfield>
      <subfield code="b">uirsgéal do deaċtuiġeaḋ sa ċúigeaḋ ceannair déag /</subfield>
      <subfield code="c">Brian Ó Corcrán (Biocáire Ċlaoininse) do ḋeaċtuiġ ; Iorard de Teiltiún &amp; Seosaṁ Laoide do ċuir i n-eagar.</subfield>
    </datafield>
    <datafield tag="246" ind1="3" ind2=" ">
      <subfield code="a">Eachtra Mhacaoimh an Iolair.</subfield>
    </datafield>
    <datafield tag="260" ind1=" " ind2=" ">
      <subfield code="a">I mBaile Áṫa Cliaṫ :</subfield>
      <subfield code="b">Hodges, Figgis,</subfield>
      <subfield code="c">1912.</subfield>
    </datafield>
    <datafield tag="300" ind1=" " ind2=" ">
      <subfield code="a">xviii, [2], 102 pages ;</subfield>
      <subfield code="c">19 cm</subfield>
    </datafield>
    <datafield tag="336" ind1=" " ind2=" ">
      <subfield code="a">text</subfield>
      <subfield code="b">txt</subfield>
      <subfield code="2">rdacontent</subfield>
    </datafield>
    <datafield tag="337" ind1=" " ind2=" ">
      <subfield code="a">unmediated</subfield>
      <subfield code="b">n</subfield>
      <subfield code="2">rdamedia</subfield>
    </datafield>
    <datafield tag="338" ind1=" " ind2=" ">
      <subfield code="a">volume</subfield>
      <subfield code="b">nc</subfield>
      <subfield code="2">rdacarrier</subfield>
    </datafield>
    <datafield tag="500" ind1=" " ind2=" ">
      <subfield code="a">Includes word index.</subfield>
    </datafield>
    <datafield tag="500" ind1=" " ind2=" ">
      <subfield code="a">Romance, possibly from a French source.</subfield>
    </datafield>
    <datafield tag="650" ind1=" " ind2="0">
      <subfield code="a">Arthurian romances.</subfield>
    </datafield>
    <datafield tag="650" ind1=" " ind2="6">
      <subfield code="a">Cycle d'Arthur.</subfield>
    </datafield>
    <datafield tag="650" ind1=" " ind2="7">
      <subfield code="a">Arthurian romances.</subfield>
      <subfield code="2">fast</subfield>
      <subfield code="0">(OCoLC)fst00817169</subfield>
    </datafield>
    <datafield tag="700" ind1="1" ind2=" ">
      <subfield code="a">Ó Corcrán, Brian.</subfield>
    </datafield>
    <datafield tag="700" ind1="1" ind2=" ">
      <subfield code="a">De Teiltiún, Iorard,</subfield>
      <subfield code="e">editor.</subfield>
    </datafield>
    <datafield tag="700" ind1="1" ind2=" ">
      <subfield code="a">Laoide, Seosamh,</subfield>
      <subfield code="d">1865-1939.</subfield>
      <subfield code="1">https://id.oclc.org/worldcat/entity/E39PBJrwQQ6YpQTjPMvjHc7mBP</subfield>
    </datafield>
    <datafield tag="758" ind1=" " ind2=" ">
      <subfield code="i">has work:</subfield>
      <subfield code="a">Eachtra Mhacaoimh-an-Iolair (Text)</subfield>
      <subfield code="1">https://id.oclc.org/worldcat/entity/E39PCFy3FvY6qXkMwfthGdjcj3</subfield>
      <subfield code="4">https://id.oclc.org/worldcat/ontology/hasWork</subfield>
    </datafield>
    <datafield tag="776" ind1="0" ind2="8">
      <subfield code="i">Online version:</subfield>
      <subfield code="a">Eachtra Mhacaoimh-an-Iolair.</subfield>
      <subfield code="t">Eaċtra Ṁacaoiṁ an Iolair : Ṁic Ríoġ na Sorċa.</subfield>
      <subfield code="d">I mBaile Áṫa Cliaṫ : Hodges, Figgis, 1912</subfield>
      <subfield code="w">(OCoLC)1351338158</subfield>
    </datafield>
  </record>